| 000 -LEADER |
| fixed length control field |
01203nam a22001457a 4500 |
| 008 - FIXED-LENGTH DATA ELEMENTS--GENERAL INFORMATION |
| fixed length control field |
210203b ||||| |||| 00| 0 eng d |
| 100 ## - MAIN ENTRY--PERSONAL NAME |
| Personal name |
Bordalo, P. et al |
| 245 ## - TITLE STATEMENT |
| Title |
Overreaction in Macroeconomic Expectations |
| 260 ## - PUBLICATION, DISTRIBUTION, ETC. (IMPRINT) |
| Place of publication, distribution, etc |
The American Economic Review |
| 300 ## - PHYSICAL DESCRIPTION |
| Extent |
110(9), Sep, 2020: p.2748-2782 |
| 520 ## - SUMMARY, ETC. |
| Summary, etc |
We study the rationality of individual and consensus forecasts of macroeconomic and financial variables using the methodology of Coibion and Gorodnichenko (2015), who examine predictability of forecast errors from forecast revisions. We find that individual forecasters typically overreact to news, while consensus forecasts underreact relative to full-information rational expectations. We reconcile these findings within a diagnostic expectations version of a dispersed information learning model. Structural estimation indicates that departures from Bayesian updating in the form of diagnostic overreaction capture important variation in forecast biases across different series, yielding a belief distortion parameter similar to estimates obtained in other settings. – Reproduced |
| 773 ## - HOST ITEM ENTRY |
| Main entry heading |
The American Economic Review |
| 906 ## - LOCAL DATA ELEMENT F, LDF (RLIN) |
| Subject DIP |
MACROECONOMICS |
| 942 ## - ADDED ENTRY ELEMENTS (KOHA) |
| Item type |
Articles |